Scottish players in Premier League (2000-) - Statistics

General Stats
  • This quiz has been taken 59 times
  • The average score is 34 of 151
Answer Stats
Ranking Player Positions Nationality Matches Goals (assists) Periods Clubs % Correct
4 Andrew Robertson DF, MF 308 11 (60) 2014-2015, 2016-2025
92%
12 Scott McTominay MF, FW 178 19 (4) 2016-2025
90%
6 Charlie Adam MF 207 34 (25) 2010-2018
86%
7 John McGinn MF, FW 203 17 (23) 2019-2025
86%
1 Darren Fletcher MF 341 23 (27) 2003-2018
84%
8 Steven Fletcher FW 190 53 (12) 2009-2016
84%
25 Che Adams FW 124 25 (13) 2019-2023
78%
31 Kieran Tierney DF, MF, FW 104 4 (8) 2019-2022, 2024-2025
78%
2 James McArthur MF 323 23 (23) 2010-2012, 2014-2023
66%
11 Ryan Fraser DF, MF, FW 181 18 (31) 2016-2022, 2024-2025
64%
10 Matt Ritchie DF, MF, FW 184 12 (24) 2009-2010, 2015-2016, 2017-2024
60%
111 Paul Ritchie DF 12 0 (0) 2000-2001
60%
34 Ryan Christie MF, FW 98 3 (9) 2022-2025
60%
41 Billy Gilmour MF 81 0 (3) 2019-2025
58%
17 Stuart Armstrong MF, FW 149 16 (11) 2018-2023
58%
30 Barry Ferguson MF 108 3 (2) 2003-2004, 2009-2011
56%
26 Duncan Ferguson FW 123 23 (8) 2000-2006
56%
42 Grant Hanley DF 79 3 (0) 2009-2011, 2019-2020, 2021-2022
54%
60 Allan McGregor GK 52 0 (0) 2013-2015
48%
35 Oliver McBurnie FW 96 13 (4) 2016-2017, 2019-2020, 2023-2024
48%
19 Tom Cairney MF, FW 144 8 (6) 2009-2010, 2018-2019, 2020-2021, 2022-2025
48%
62 Nathan Patterson DF, MF 49 0 (3) 2022-2025
46%
13 Robert Snodgrass MF, FW 171 26 (22) 2012-2014, 2016-2017, 2018-2021
46%
77 Aaron Hickey DF 35 0 (1) 2022-2024
44%
16 Alan Hutton DF 151 3 (6) 2007-2011, 2014-2016
44%
80 Angus Gunn GK 31 0 (0) 2018-2019, 2021-2022
44%
38 Craig Gordon GK 88 0 (0) 2007-2012
44%
27 Steven Naismith MF, FW 116 20 (5) 2012-2016
44%
134 Andy Morrison DF 3 0 (0) 2000-2001
38%
3 James Morrison MF, FW 311 32 (33) 2003-2006, 2008-2009, 2010-2018
38%
14 James McFadden MF, FW 171 20 (11) 2003-2007, 2009-2013
36%
5 Phil Bardsley DF 303 7 (5) 2005-2021
36%
135 Ben Doak FW 3 0 (0) 2022-2024
32%
48 Kenny McLean MF 68 2 (1) 2019-2020, 2021-2022
32%
20 Matt Phillips DF, MF, FW 142 12 (23) 2010-2011, 2014-2015, 2016-2017, 2020-2021
32%
91 Scott McKenna DF 25 0 (0) 2022-2024
32%
126 Colin Hendry DF 5 0 (1) 2000-2002
30%
56 Gary McAllister MF 55 5 (9) 2000-2002
30%
32 George Boyd MF, FW 101 9 (5) 2013-2014, 2016-2017
30%
66 Kevin McDonald MF 41 1 (1) 2009-2010, 2018-2019
30%
97 Jacob Brown MF, FW 19 2 (0) 2023-2024
28%
50 Liam Cooper DF 66 2 (1) 2009-2010, 2020-2023
28%
67 Oliver Burke MF, FW 40 1 (3) 2017-2018, 2020-2021
28%
39 Barry Bannan MF 86 2 (5) 2010-2015
26%
9 David Weir DF 186 7 (6) 2000-2007
26%
33 Gary Caldwell DF, MF 100 6 (2) 2009-2013
26%
87 George Hirst FW 28 3 (1) 2019-2020, 2024-2025
26%
55 Kenny Miller FW 55 6 (2) 2003-2004, 2007-2008
26%
40 Steven Caldwell DF 81 3 (2) 2000-2001, 2002-2003, 2005-2006, 2009-2011
26%
59 David Marshall GK 53 0 (0) 2013-2014, 2016-2017
24%
128 Michael Stewart MF 5 0 (0) 2000-2003
24%
110 Ross Stewart FW 12 1 (0) 2024-2025
24%
113 Andy Irving MF 10 0 (0) 2024-2025
22%
125 Chris Martin FW 5 0 (0) 2011-2013
22%
68 John Collins MF 39 0 (0) 2001-2003
22%
51 John Fleck MF 65 5 (4) 2019-2020, 2023-2024
22%
24 Russell Martin DF 125 8 (1) 2011-2013, 2015-2016
22%
37 Shaun Maloney MF, FW 88 15 (13) 2006-2007, 2011-2012, 2016-2017
22%
88 Callum Paterson MF, FW 27 4 (1) 2018-2019
20%
85 Ikechi Anya MF, FW 29 0 (1) 2015-2017
20%
28 Richard Hughes MF 114 0 (0) 2003-2010
20%
149 Ryan One FW 1 0 (0) 2023-2024
20%
137 Andy Goram GK 2 0 (0) 2000-2001
18%
138 Danny Wilson DF 2 0 (0) 2010-2011
18%
21 Graham Dorrans MF, FW 142 8 (10) 2008-2009, 2010-2016
18%
98 Kevin Gallacher MF, FW 19 2 (0) 2000-2001
18%
22 Paul Dickov FW 134 33 (10) 2000-2001, 2003-2007
18%
52 Paul Gallagher MF, FW 61 6 (5) 2002-2006, 2009-2010
18%
103 Allan Johnston MF 17 1 (0) 2001-2002
16%
93 Andy Gray FW 21 1 (1) 2005-2006
16%
29 Christian Dailly DF 112 0 (3) 2000-2002, 2005-2007
16%
18 Dominic Matteo DF, MF 149 2 (4) 2000-2006
16%
23 Gary Naysmith DF, MF 134 6 (12) 2000-2007
16%
139 Gavin Strachan MF 2 0 (0) 2000-2001
16%
109 Donald Love DF, MF 13 0 (1) 2015-2017
14%
136 Gareth Williams MF 3 0 (0) 2006-2007
14%
132 Jamie Murphy MF 4 0 (0) 2017-2018
14%
49 Neil Sullivan GK 68 0 (0) 2000-2001, 2003-2004
14%
46 Nigel Quashie MF 69 3 (2) 2003-2007
14%
65 Steven Whittaker DF, MF 41 3 (1) 2012-2013, 2015-2016
14%
57 Alex Rae MF 54 7 (6) 2000-2001, 2003-2004
12%
36 Christophe Berra DF 96 0 (3) 2009-2012
12%
81 Colin Cameron MF 30 4 (0) 2003-2004
12%
124 Jordan Rhodes FW 6 0 (0) 2016-2017
12%
44 Matt Elliott DF 72 2 (4) 2000-2001, 2003-2004
12%
101 Matt Gilks GK 18 0 (0) 2010-2011
12%
107 Brian O'Neil MF 14 0 (0) 2000-2002
10%
99 Jay Fulton MF 19 0 (0) 2013-2018
10%
54 Lee McCulloch DF, FW 59 9 (6) 2005-2007
10%
86 Neil McCann MF 29 0 (2) 2003-2005
10%
15 Paul Telfer DF, MF 158 1 (12) 2000-2005
10%
115 Richard Gough DF 9 0 (0) 2000-2001
10%
148 Russell Anderson DF 1 0 (0) 2007-2008
10%
94 Steven Thompson FW 20 4 (0) 2009-2010
10%
47 Don Hutchison MF 68 9 (8) 2000-2003
8%
89 Gary Holt MF 27 0 (1) 2004-2005
8%
79 Graham Alexander DF, MF 33 7 (1) 2009-2010
8%
145 Harrison Ashby DF 1 0 (0) 2021-2022
8%
53 Jamie Mackie MF, FW 60 9 (2) 2011-2013
8%
70 Kevin Kyle FW 37 1 (1) 2000-2002, 2005-2006
8%
108 Malky Mackay DF 14 0 (0) 2006-2007
8%
43 Scot Gemmill MF 76 3 (8) 2000-2003
8%
104 Stephen Kingsley DF 17 0 (2) 2015-2017
8%
71 Stuart McCall MF 37 1 (0) 2000-2001
8%
129 Andy Webster DF 4 0 (0) 2006-2007
6%
45 Callum Davidson DF 71 1 (4) 2000-2001, 2003-2004
6%
118 Craig Beattie FW 7 1 (0) 2008-2009
6%
76 Craig Burley MF 35 2 (4) 2000-2002
6%
95 David Goodwillie FW 20 2 (0) 2011-2012
6%
83 Derek McInnes MF 29 2 (3) 2002-2003
6%
96 Dougie Freedman FW 20 1 (0) 2004-2005
6%
73 Garry O'Connor FW 36 3 (0) 2007-2008, 2009-2011
6%
131 Iain Turner GK 4 0 (0) 2005-2007
6%
63 Jay McEveley DF 47 2 (0) 2002-2003, 2004-2005, 2006-2008
6%
147 Matthew Craig MF 1 0 (0) 2022-2023
6%
90 Nick Montgomery MF 26 0 (4) 2006-2007
6%
74 Ross Wallace MF, FW 36 3 (2) 2007-2008, 2014-2015
6%
75 Stephen Crainey DF 36 0 (1) 2003-2004, 2010-2011
6%
106 Stephen Glass MF 14 3 (0) 2000-2001
6%
92 Stephen Pearson MF 24 0 (0) 2007-2008
6%
151 Stuart McKinstry MF 1 0 (0) 2021-2022
6%
117 Alec Cleland DF 8 0 (0) 2000-2002
4%
105 Chris Iwelumo FW 15 0 (0) 2009-2010
4%
69 Danny Fox DF, MF 37 2 (3) 2009-2010, 2012-2014
4%
112 David Hopkin MF 11 0 (0) 2000-2001
4%
102 Eoin Jess MF 17 3 (4) 2000-2001
4%
143 Fraser Fyvie MF 1 0 (0) 2012-2013
4%
58 Gary Teale MF 54 0 (4) 2005-2008
4%
61 Graeme Murty DF 51 0 (0) 2006-2008
4%
127 Kevin McNaughton DF 5 0 (0) 2013-2014
4%
82 Liam Bridcutt DF, MF 30 0 (2) 2013-2015
4%
146 Liam McCarron FW 1 0 (0) 2021-2022
4%
119 Mark Burchill FW 7 1 (1) 2000-2001
4%
78 Paul Devlin MF 34 3 (1) 2002-2004
4%
64 Robbie Stockdale DF 44 1 (0) 2001-2004
4%
72 Scott Dobie FW 36 6 (0) 2002-2003, 2004-2005
4%
133 Simon Lappin DF, MF 4 0 (0) 2011-2012
4%
116 Stephen Dobbie FW 9 0 (0) 2011-2012, 2013-2014
4%
150 Steven Watt DF 1 0 (0) 2004-2005
4%
141 Andrew Barrowman FW 1 0 (0) 2003-2004
2%
84 Billy McKinlay MF 29 0 (0) 2000-2001, 2003-2005
2%
142 Bob Malcolm DF, MF 1 0 (0) 2007-2008
2%
114 Brian Kerr MF 9 0 (0) 2000-2001, 2002-2003
2%
100 Don Cowie MF 18 0 (2) 2013-2014
2%
120 Gary Locke MF 7 0 (0) 2000-2001
2%
144 Gary Twigg FW 1 0 (1) 2001-2002
2%
130 Greg Shields DF 4 0 (0) 2000-2001
2%
121 Kevin Harper FW 7 0 (0) 2003-2004
2%
122 Martin Woods MF 7 0 (0) 2005-2006
2%
123 Peter Canero MF 7 0 (0) 2003-2004
2%
140 Steve McMillan DF 2 0 (0) 2005-2006
2%
No matching quizzes found
Score Distribution
Percent of People with Each Score
Percentile by Number Answered
Your Score History
You have not taken this quiz